[Event "?"]
[Site "?"]
[Date "2005.04.14"]
[Round "6"]
[White "Otto, Matthias"]
[Black "Höschele, Hans-Ulrich"]
[Result "0-1"]
[WhiteElo "1746"]
[BlackElo "2195"]
[PlyCount "86"]
[EventDate "2005.??.??"]

1. e4 d6 2. Nf3 Nf6 3. d3 c6 4. g3 e5 5. Bg2 Be7 6. O-O Qc7 7. Nbd2 O-O 8. Nc4
Ne8 9. h4 f5 10. exf5 Bxf5 11. Ne3 Be6 12. Ng5 Bxg5 13. hxg5 Qe7 14. Qh5 g6 15.
Qh6 Nd7 16. b3 Ng7 17. Bb2 Rae8 18. Rae1 Nh5 19. Kh2 Rf7 20. Re2 Qf8 21. Qxf8+
Nxf8 22. a4 a6 23. d4 exd4 24. Bxd4 Ng7 25. Rfe1 Rc8 26. Bh3 Nd7 27. Bxe6 Nxe6
28. Bf6 Nxf6 29. gxf6 Nd4 30. Ng4 Nf3+ 31. Kh3 Nxe1 32. Nh6+ Kf8 33. Nxf7 Kxf7
34. Rxe1 Kxf6 35. g4 h6 36. f4 Rh8 37. Kg3 d5 38. Kf3 Kf7 39. b4 Re8 40. Rb1
Re4 41. c3 Rc4 42. Rb3 Kf6 43. a5 h5 0-1

[Event "?"]
[Site "?"]
[Date "2005.04.14"]
[Round "6"]
[White "Weinwurm, Wolfgang Dr"]
[Black "Durst, Uwe"]
[Result "1/2-1/2"]
[WhiteElo "2122"]
[BlackElo "2105"]
[PlyCount "68"]
[EventDate "2005.??.??"]

1. e4 d6 2. d4 Nf6 3. Nc3 g6 4. Bg5 c6 5. Qd2 b5 6. Bd3 Qb6 7. Nge2 Nbd7 8. f4
Bg7 9. e5 dxe5 10. fxe5 Nd5 11. Ne4 O-O 12. Bh6 c5 13. Bxg7 Kxg7 14. c3 cxd4
15. cxd4 f6 16. h4 fxe5 17. Ng5 Nf4 18. Be4 Rb8 19. h5 h6 20. hxg6 Nf6 21. Nxf4
hxg5 22. Nh5+ Nxh5 23. Rxh5 Qxd4 24. Rh7+ Kf6 25. Qxd4 exd4 26. O-O-O Bf5 27.
Bxf5 Kxf5 28. Rxe7 Kxg6 29. Rxd4 Rbc8+ 30. Kd1 Rfd8 31. Red7 Rxd7 32. Rxd7 a5
33. Rd5 Rb8 34. g4 Rb6 1/2-1/2

[Event "?"]
[Site "?"]
[Date "2005.04.14"]
[Round "6"]
[White "Gerhards, Walter"]
[Black "Wahl, Frithjof"]
[Result "1-0"]
[WhiteElo "1999"]
[BlackElo "2166"]
[PlyCount "70"]
[EventDate "2005.??.??"]

1. e4 e5 2. Nf3 Nc6 3. Bb5 a6 4. Ba4 Nf6 5. O-O Be7 6. Re1 b5 7. Bb3 d6 8. c3
Na5 9. Bc2 c5 10. d3 O-O 11. Nbd2 Nc6 12. Nf1 Be6 13. Ne3 d5 14. exd5 Nxd5 15.
Nxd5 Qxd5 16. h3 Bf5 17. Qe2 Bf6 18. Bg5 Rad8 19. Bxf6 gxf6 20. Rad1 Qxa2 21.
Nh4 Bg6 22. Ra1 Qe6 23. Qe3 Ne7 24. Nxg6 Nxg6 25. Qxc5 Qd6 26. Qe3 Kg7 27. Rad1
Rfe8 28. Qg3 Rg8 29. Qg4 Kh8 30. g3 Nf4 31. Qh4 Rg5 32. d4 Rh5 33. dxe5 Rxh4
34. Rxd6 Rg8 35. Kf1 Nxh3 1-0

[Event "?"]
[Site "?"]
[Date "2005.04.14"]
[Round "6"]
[White "Reinke, Kurt"]
[Black "Aigner, Georg"]
[Result "1-0"]
[WhiteElo "2084"]
[BlackElo "2056"]
[PlyCount "83"]
[EventDate "2005.??.??"]

1. d4 d5 2. c4 e6 3. Nc3 Nf6 4. Nf3 Nbd7 5. Bg5 c6 6. e3 Qa5 7. Nd2 Bb4 8. Qc1
dxc4 9. Bxf6 Nxf6 10. Bxc4 O-O 11. O-O Re8 12. Nf3 Bd6 13. a3 c5 14. Nb5 Be7
15. dxc5 Bd7 16. b4 Qd8 17. Rd1 Qc8 18. Ne5 Rd8 19. Nd4 Qc7 20. f4 a6 21. Qc2
Rac8 22. g4 Nd5 23. Qd2 Bf6 24. Nef3 Ba4 25. Rdc1 e5 26. fxe5 Bxe5 27. Qf2 Nf6
28. Qh4 Bxd4 29. exd4 Qf4 30. Rf1 Qe3+ 31. Rf2 Ne4 32. Bxf7+ Kh8 33. Re1 Qxf2+
34. Qxf2 Nxf2 35. Kxf2 Bc6 36. Be6 Rc7 37. d5 Bd7 38. d6 Rcc8 39. Bxd7 Rxd7 40.
Ne5 Rf8+ 41. Kg3 Rdd8 42. Nc4 1-0

[Event "?"]
[Site "?"]
[Date "2005.04.14"]
[Round "6"]
[White "Opitz, Christian"]
[Black "Mitzel, Robert"]
[Result "1/2-1/2"]
[WhiteElo "1834"]
[BlackElo "1946"]
[PlyCount "45"]
[EventDate "2005.??.??"]

1. e4 e5 2. Nf3 Nf6 3. Nc3 Nc6 4. Bc4 Nxe4 5. Bxf7+ Kxf7 6. Nxe4 d5 7. Ng3 e4
8. Ng1 Bc5 9. d3 exd3 10. Qxd3 Re8+ 11. N1e2 Kg8 12. O-O Ne5 13. Qc3 Qe7 14.
Be3 Bd6 15. Nf4 c6 16. Nd3 Ng4 17. Bc5 Qh4 18. h3 Bxc5 19. Nxc5 Nf6 20. Rfe1
Bd7 21. Rxe8+ Rxe8 22. Nxd7 Nxd7 23. Re1 1/2-1/2

[Event "?"]
[Site "?"]
[Date "2005.04.14"]
[Round "6"]
[White "Klein, Reinhard"]
[Black "Meineke, Lars"]
[Result "0-1"]
[WhiteElo "1926"]
[BlackElo "1868"]
[PlyCount "128"]
[EventDate "2005.??.??"]

1. d4 e6 2. Nf3 Nf6 3. Bg5 d5 4. e3 Be7 5. c4 O-O 6. Nc3 h6 7. Bf4 c6 8. c5 Nh5
9. Bd3 Nxf4 10. exf4 Nd7 11. O-O b6 12. b4 bxc5 13. bxc5 Qa5 14. Qd2 Ba6 15.
Nxd5 Qxd2 16. Nxe7+ Kh8 17. Nxd2 Bxd3 18. Rfd1 Nb8 19. Nf3 Be2 20. Rdb1 Bxf3
21. gxf3 Rd8 22. Rb7 Rxd4 23. Rab1 Na6 24. Nxc6 Rxf4 25. R1b5 Rc8 26. Nxa7 Rxc5
27. R5b6 Rg5+ 28. Kf1 Nc5 29. Rc7 Rxf3 30. Nc6 Ne4 31. Rb2 Rc5 32. Nd4 Rxf2+
33. Rxf2 Rxc7 34. Re2 Nc3 35. Rc2 e5 36. Ne2 Nd5 37. Rxc7 Nxc7 38. a4 Kg8 39.
Nc3 Kf8 40. Ke2 Ke8 41. Kd3 Kd7 42. Ke4 Ke6 43. a5 f5+ 44. Ke3 Kd6 45. Na4 Nd5+
46. Kd2 Kc6 47. Nb2 Kb5 48. h4 g5 49. hxg5 hxg5 50. Nd3 e4 51. Ne5 Kxa5 52. Ke1
Kb5 53. Nf7 Kc4 54. Nxg5 Kd3 55. Nf7 e3 56. Ne5+ Ke4 57. Nc4 f4 58. Nd6+ Kd3
59. Nf7 Nb4 60. Ne5+ Ke4 61. Nf7 f3 62. Ng5+ Kf4 63. Nh3+ Kg3 64. Nf2 Nc2+ 0-1

[Event "?"]
[Site "?"]
[Date "2005.04.14"]
[Round "6"]
[White "Muscolino, Attilio"]
[Black "Borries, Barbara"]
[Result "1-0"]
[WhiteElo "2122"]
[BlackElo "1975"]
[PlyCount "75"]
[EventDate "2005.??.??"]

1. e4 e6 2. d4 d5 3. e5 c5 4. c3 Nc6 5. Nf3 Qb6 6. a3 Bd7 7. b4 cxd4 8. cxd4
Nge7 9. Bb2 Nf5 10. g4 Nh6 11. Rg1 Be7 12. Nc3 Rc8 13. Na4 Qd8 14. Bd3 b6 15.
Nc3 Nb8 16. Ne2 Ng8 17. b5 Rc7 18. h4 h6 19. Rh1 g6 20. Nf4 Kf8 21. Kf1 Kg7 22.
Kg2 Qe8 23. a4 Bb4 24. Qb3 Qe7 25. Rac1 Rxc1 26. Rxc1 Be8 27. Rc8 Nd7 28. Rxe8
Qxe8 29. Qxb4 Ne7 30. Qd6 h5 31. g5 Qd8 32. Ba3 Nc8 33. Qc6 Re8 34. Qc2 Nb8 35.
Bxg6 Ne7 36. Bxf7 Kxf7 37. Qh7+ Kf8 38. Nxe6# 1-0

[Event "?"]
[Site "?"]
[Date "2005.04.15"]
[Round "7"]
[White "Höschele, Hans-Ulrich"]
[Black "Gerhards, Walter"]
[Result "1-0"]
[WhiteElo "2195"]
[BlackElo "1999"]
[PlyCount "79"]
[EventDate "2005.??.??"]

1. Nf3 d5 2. d4 Nf6 3. g3 Bf5 4. Bg2 e6 5. Nbd2 h6 6. O-O c5 7. c3 Nc6 8. dxc5
Bxc5 9. b4 Bd6 10. Bb2 O-O 11. a3 Ne4 12. Nb3 Rc8 13. Rc1 Qe7 14. Nfd4 Bg6 15.
c4 Rfd8 16. cxd5 exd5 17. Bh3 a6 18. Bxc8 Rxc8 19. Nxc6 bxc6 20. Qd4 f6 21. f4
Qe6 22. Rf3 Qg4 23. Rxc6 Re8 24. Qxd5+ Kh7 25. Qd1 Bb8 26. Rxa6 Re7 27. Bd4 Qc8
28. Ra5 Nd6 29. Re3 Rc7 30. Rc5 Nf5 31. Rec3 Qd8 32. Rxc7 Bxc7 33. e3 Bb6 34.
Qd2 Nxd4 35. exd4 Qd5 36. Nc5 h5 37. Qe3 Qf5 38. Rc1 h4 39. a4 Bf7 40. Qd3 1-0

[Event "?"]
[Site "?"]
[Date "2005.04.15"]
[Round "7"]
[White "Weinwurm, Wolfgang Dr"]
[Black "Wahl, Frithjof"]
[Result "1-0"]
[WhiteElo "2122"]
[BlackElo "2166"]
[PlyCount "65"]
[EventDate "2005.??.??"]

1. e4 e5 2. f4 exf4 3. Nf3 d5 4. exd5 Nf6 5. Bb5+ c6 6. dxc6 bxc6 7. Bc4 Nd5 8.
d4 Bd6 9. O-O Be6 10. Bb3 O-O 11. c4 Ne3 12. Bxe3 fxe3 13. Qd3 Bf4 14. Nc3 Re8
15. d5 Bg4 16. Ne2 Qd6 17. h3 Bd7 18. c5 Qh6 19. Qd4 g5 20. Nxf4 gxf4 21. dxc6
Bxh3 22. gxh3 Nxc6 23. Qd5 Re6 24. Kh2 Rd8 25. Rg1+ Kf8 26. Qg5 Rg6 27. Qxh6+
Rxh6 28. Rad1 Rxd1 29. Rxd1 Ke7 30. a3 f6 31. Rd6 Ne5 32. Re6+ Kd7 33. Nxe5+
1-0

[Event "?"]
[Site "?"]
[Date "2005.04.15"]
[Round "7"]
[White "Aigner, Georg"]
[Black "Muscolino, Attilio"]
[Result "0-1"]
[WhiteElo "2056"]
[BlackElo "2122"]
[PlyCount "84"]
[EventDate "2005.??.??"]

1. e4 c5 2. Nf3 d6 3. d4 cxd4 4. Nxd4 Nf6 5. Nc3 e6 6. Bb5+ Bd7 7. O-O Be7 8.
Re1 Bxb5 9. Ncxb5 a6 10. Nc3 O-O 11. Be3 Qc7 12. Rc1 b5 13. Qf3 Nbd7 14. Qg3
Kh8 15. Bd2 Ne5 16. f4 Nc4 17. e5 Nd7 18. Nf3 dxe5 19. fxe5 Ndxe5 20. Nxe5 Qc5+
21. Kh1 Nxd2 22. Nd7 Qd4 23. Nxf8 Bh4 24. Qe3 Qxe3 25. Ng6+ hxg6 26. Rxe3 Kg8
27. b3 Bg5 28. Rd3 Nxb3 29. Rcd1 Nc5 30. Rd6 Rc8 31. a3 Bf6 32. Nxb5 axb5 33.
Rb6 Ne4 34. Rb1 Nf2+ 35. Kg1 Ne4 36. R6xb5 Bd4+ 37. Kh1 Rxc2 38. g3 Ra2 39.
R1b3 Kh7 40. h3 e5 41. Rb8 Nd2 42. R3b7 Nf1 0-1

[Event "?"]
[Site "?"]
[Date "2005.04.15"]
[Round "7"]
[White "Meineke, Lars"]
[Black "Auf'm Wasser, Günter"]
[Result "1-0"]
[WhiteElo "1868"]
[BlackElo "1875"]
[PlyCount "39"]
[EventDate "2005.??.??"]

1. Nf3 c5 2. e3 Nc6 3. b3 d5 4. Bb2 Bg4 5. Bb5 a6 6. Bxc6+ bxc6 7. d3 f6 8. h3
Bh5 9. d4 Nh6 10. Nbd2 Qc7 11. Qe2 a5 12. O-O g5 13. g4 Nxg4 14. hxg4 Bxg4 15.
e4 Qd7 16. Kh1 Bh5 17. Qe3 dxe4 18. Nxe4 Qh3+ 19. Nh2 Qh4 20. Nxf6+ 1-0

[Event "?"]
[Site "?"]
[Date "2005.04.15"]
[Round "7"]
[White "Borries, Barbara"]
[Black "Klein, Reinhard"]
[Result "1/2-1/2"]
[WhiteElo "1975"]
[BlackElo "1926"]
[PlyCount "92"]
[EventDate "2005.??.??"]

1. e4 c5 2. c3 Nf6 3. e5 Nd5 4. d4 d6 5. Nf3 e6 6. Bb5+ Bd7 7. Bxd7+ Nxd7 8.
O-O Qc7 9. Re1 dxe5 10. dxe5 g6 11. c4 Nb4 12. Nc3 a6 13. Bg5 Bg7 14. a3 Nc6
15. Qd6 Qxd6 16. exd6 O-O 17. Rab1 h6 18. Be3 Rfd8 19. Na4 b6 20. b4 Nd4 21.
Nxd4 cxd4 22. Bd2 b5 23. Nb2 bxc4 24. Nxc4 Rab8 25. f4 Nb6 26. Rbc1 Nxc4 27.
Rxc4 Rxd6 28. Kf1 Rd5 29. Ke2 e5 30. Kd3 exf4 31. Bxf4 Rbb5 32. Re8+ Kh7 33.
Re7 Rf5 34. Bg3 a5 35. Rcc7 axb4 36. axb4 Rxb4 37. Rxf7 Rb3+ 38. Kc2 Rxf7 39.
Rxf7 Re3 40. Kd2 Kg8 41. Rd7 Ra3 42. Bf2 Ra2+ 43. Ke1 Ra4 44. h4 Ra3 45. Bxd4
Bxd4 46. Rxd4 Kf7 1/2-1/2

[Event "?"]
[Site "?"]
[Date "2005.04.15"]
[Round "7"]
[White "Thonig, Manfred"]
[Black "Schweitzer, Paul"]
[Result "1-0"]
[WhiteElo "1904"]
[BlackElo "1500"]
[PlyCount "81"]
[EventDate "2005.??.??"]

1. f4 d5 2. Nf3 c5 3. b3 e6 4. e3 Nf6 5. Ne5 Nc6 6. Bb2 d4 7. Nxc6 bxc6 8. Bd3
a5 9. a4 h5 10. Qf3 Bb7 11. e4 Ba6 12. e5 Nd5 13. O-O Bxd3 14. Qxd3 Qb6 15. Na3
Qa6 16. Nc4 Nb4 17. Qe4 Rd8 18. f5 Rh6 19. fxe6 Rxe6 20. Rf3 Rd5 21. Raf1 Rd7
22. Qe2 d3 23. cxd3 Qa7 24. Qe4 Nd5 25. Qf5 Kd8 26. Qxh5 g6 27. Qh8 Re8 28. e6
Bd6 29. Qxe8+ Kxe8 30. exd7+ Kxd7 31. Rxf7+ Be7 32. Re1 Qb8 33. Ne5+ Ke8 34.
Rh7 Qxb3 35. Rh8+ Bf8 36. Nxc6+ Kd7 37. Ne5+ Ke8 38. Nxg6+ Kd7 39. Nxf8+ Kc7
40. Rh7+ Kd8 41. Rd7+ 1-0

[Event "?"]
[Site "?"]
[Date "2005.04.16"]
[Round "8"]
[White "Muscolino, Attilio"]
[Black "Höschele, Hans-Ulrich"]
[Result "1/2-1/2"]
[WhiteElo "2122"]
[BlackElo "2195"]
[PlyCount "150"]
[EventDate "2005.??.??"]

1. e4 c5 2. Nf3 d6 3. d4 cxd4 4. Nxd4 Nf6 5. Nc3 a6 6. Be3 Nc6 7. Qd2 e5 8. Nb3
Be7 9. f3 Bd7 10. O-O-O Na5 11. Nxa5 Qxa5 12. Qf2 Qd8 13. g4 b5 14. g5 Nh5 15.
Nd5 Bxg5 16. Bxg5 Qxg5+ 17. Kb1 O-O 18. Nb6 Rad8 19. Rxd6 Be6 20. Rxd8 Qxd8 21.
Bd3 Qd6 22. a4 Rb8 23. a5 Nf4 24. Rd1 g6 25. Qe1 Qc7 26. Bf1 Kg7 27. Qd2 Rb7
28. Qd6 Nd5 29. Qxc7 Nxc7 30. Kc1 Ra7 31. Rd8 Kf6 32. Kd2 Ke7 33. Rh8 h5 34. b4
Bd7 35. c4 Ne8 36. cxb5 Kf6 37. Ke3 Kg7 38. Rxe8 Bxe8 39. bxa6 f5 40. b5 f4+
41. Kd2 g5 42. Nd5 Bxb5 43. Bxb5 g4 44. Ke2 g3 45. hxg3 fxg3 46. Kf1 h4 47. Kg2
Kg6 48. Bf1 Kg5 49. Kh3 Rf7 50. Be2 Rd7 51. Ne3 Rc7 52. Ng2 Rc5 53. Nxh4 Rxa5
54. Kxg3 Ra2 55. Bc4 Ra4 56. Bd5 Rxa6 57. Nf5 Ra1 58. Ng7 Kf6 59. Ne6 Ra6 60.
Nc5 Ra7 61. f4 Rc7 62. Ne6 exf4+ 63. Kxf4 Rc1 64. Ng5 Rf1+ 65. Nf3 Rd1 66. e5+
Ke7 67. Be4 Ra1 68. Bd5 Ra5 69. Be4 Ra1 70. Nd4 Rf1+ 71. Bf3 Rc1 72. Nc6+ Ke6
73. Bg4+ Kf7 74. e6+ Kf6 75. e7 Re1 1/2-1/2

[Event "?"]
[Site "?"]
[Date "2005.04.16"]
[Round "8"]
[White "Reinke, Kurt"]
[Black "Weinwurm, Wolfgang Dr"]
[Result "0-1"]
[WhiteElo "2084"]
[BlackElo "2122"]
[PlyCount "76"]
[EventDate "2005.??.??"]

1. d4 Nf6 2. c4 g6 3. Nc3 Bg7 4. e4 d6 5. f3 O-O 6. Be3 Nc6 7. Nge2 a6 8. Ng3
e5 9. d5 Nd4 10. b4 Ne8 11. Nge2 Nxe2 12. Bxe2 Bh6 13. Qd2 Qh4+ 14. g3 Bxe3 15.
Qxe3 Qe7 16. g4 Qh4+ 17. Kd2 Ng7 18. Rag1 Bd7 19. Rg3 b5 20. Bf1 a5 21. Rh3 Qf6
22. Qh6 Qf4+ 23. Qxf4 exf4 24. bxa5 b4 25. Ne2 Rxa5 26. Nc1 Ra3 27. Bd3 Ne8 28.
Rh6 Nf6 29. Re1 Re8 30. Kc2 Ba4+ 31. Kb2 Nd7 32. h4 Kg7 33. g5 Nf6 34. e5 Rxe5
35. Rxe5 dxe5 36. Nb3 Bxb3 37. axb3 Ng8 38. c5 Ra5 0-1

[Event "?"]
[Site "?"]
[Date "2005.04.16"]
[Round "8"]
[White "Gerhards, Walter"]
[Black "Durst, Uwe"]
[Result "1/2-1/2"]
[WhiteElo "1999"]
[BlackElo "2105"]
[PlyCount "90"]
[EventDate "2005.??.??"]

1. e4 d6 2. d4 Nf6 3. Nc3 g6 4. Be2 c6 5. f4 Bg7 6. Nf3 Bg4 7. Be3 O-O 8. O-O
Nbd7 9. h3 Bxf3 10. Rxf3 d5 11. e5 Ne4 12. f5 gxf5 13. Rxf5 e6 14. Rf4 Nxc3 15.
bxc3 f6 16. exf6 Nxf6 17. Bg4 Qe7 18. Qd3 Bh6 19. Rf3 Nxg4 20. Rg3 Bxe3+ 21.
Qxe3 Qf6 22. Rxg4+ Kh8 23. Re1 Rae8 24. Rg5 Qf4 25. Qe5+ Qxe5 26. Rexe5 Rg8 27.
Kf2 h6 28. Rxg8+ Kxg8 29. g4 Kf7 30. Kg3 Kf6 31. h4 Rg8 32. Re1 Re8 33. Rf1+
Kg6 34. Rb1 b6 35. Kf4 Kf6 36. Re1 c5 37. a4 cxd4 38. cxd4 Rc8 39. g5+ hxg5+
40. hxg5+ Ke7 41. Re2 Kf7 42. Ke5 Kg6 43. Rf2 Rc4 44. Rf6+ Kxg5 45. Rxe6 Rxc2
1/2-1/2

[Event "?"]
[Site "?"]
[Date "2005.04.16"]
[Round "8"]
[White "Otto, Matthias"]
[Black "Opitz, Christian"]
[Result "0-1"]
[WhiteElo "1746"]
[BlackElo "1834"]
[PlyCount "60"]
[EventDate "2005.??.??"]

1. e4 e5 2. Nf3 Nc6 3. d4 exd4 4. Bc4 Bc5 5. Ng5 Nh6 6. Nxf7 Nxf7 7. Bxf7+ Kxf7
8. Qh5+ g6 9. Qxc5 d6 10. Qb5 Qe7 11. O-O Qxe4 12. Bh6 Qf5 13. Qb3+ d5 14. Nd2
Re8 15. Rae1 Rxe1 16. Rxe1 b6 17. Qa3 Bd7 18. Nf3 Re8 19. Rxe8 Kxe8 20. Ng5 Ne7
21. Nxh7 Qxc2 22. h3 d3 23. Kh2 d2 24. Qf3 Bf5 25. Bxd2 Qxd2 26. g4 Qxb2 27.
gxf5 Qe5+ 28. Kg1 Nxf5 29. Qa3 Qe7 30. Qxa7 Qxh7 0-1

[Event "?"]
[Site "?"]
[Date "2005.04.16"]
[Round "8"]
[White "Wahl, Frithjof"]
[Black "Klein, Reinhard"]
[Result "1/2-1/2"]
[WhiteElo "2166"]
[BlackElo "1926"]
[PlyCount "76"]
[EventDate "2005.??.??"]

1. e4 c5 2. Nc3 Nc6 3. g3 d6 4. Bg2 Bd7 5. d3 Nf6 6. Bg5 e6 7. Nge2 Be7 8. O-O
h6 9. Bd2 e5 10. h3 Nd4 11. f4 Qc8 12. Kh2 h5 13. Nd5 h4 14. Nxf6+ Bxf6 15. f5
Nxe2 16. Qxe2 hxg3+ 17. Kxg3 Qc7 18. Kh2 O-O-O 19. c4 Rdg8 20. b4 g6 21. Rab1
gxf5 22. exf5 Bc6 23. Be4 Kd7 24. b5 Bxe4 25. dxe4 Qd8 26. Rb3 Qf8 27. Rd3 Rh4
28. Be1 Rf4 29. Rxf4 exf4 30. e5 Qg7 31. Rxd6+ Kc8 32. Qg4 Qxg4 33. hxg4 Bxe5
34. Rd5 Bd4 35. Kh3 Rh8+ 36. Kg2 Re8 37. Bh4 Re2+ 38. Kf3 Rxa2 1/2-1/2

[Event "?"]
[Site "?"]
[Date "2005.04.16"]
[Round "8"]
[White "Hoener, Michael"]
[Black "Aigner, Georg"]
[Result "1/2-1/2"]
[WhiteElo "1435"]
[BlackElo "2056"]
[PlyCount "55"]
[EventDate "2005.??.??"]

1. c4 e5 2. Nc3 Nf6 3. Nf3 Nc6 4. g3 d5 5. cxd5 Nxd5 6. Bg2 Nxc3 7. dxc3 Qxd1+
8. Kxd1 Bc5 9. e3 Bg4 10. Ke1 O-O-O 11. Nd2 Ne7 12. h3 Be6 13. Bf3 f5 14. Kf1
Rhf8 15. Kg2 g5 16. Re1 g4 17. hxg4 fxg4 18. Be2 Bd5+ 19. Kg1 h5 20. b4 Rxf2
21. Bxg4+ hxg4 22. Kxf2 Rf8+ 23. Ke2 Bb6 24. c4 Bf3+ 25. Nxf3 gxf3+ 26. Kf2 c5
27. b5 e4 28. Bb2 1/2-1/2

[Event "?"]
[Site "?"]
[Date "2005.04.16"]
[Round "8"]
[White "Borries, Barbara"]
[Black "Thonig, Manfred"]
[Result "1-0"]
[WhiteElo "1975"]
[BlackElo "1904"]
[PlyCount "81"]
[EventDate "2005.??.??"]

1. e4 g6 2. d4 Bg7 3. Nc3 c6 4. Nf3 d5 5. e5 Nh6 6. h3 O-O 7. Be3 Nf5 8. Bf4 e6
9. Qd2 b5 10. g4 Ne7 11. Bh6 Ba6 12. Bxg7 Kxg7 13. Bd3 Nd7 14. O-O f5 15. exf6+
Rxf6 16. Qe3 Nf8 17. g5 Rxf3 18. Qxf3 Nf5 19. Qf4 Qe7 20. Rfe1 Re8 21. Bxf5
gxf5 22. a3 Ng6 23. Qg3 Bc8 24. f4 a6 25. h4 c5 26. Ne2 cxd4 27. Nxd4 Qc7 28.
Nxf5+ Kf8 29. Nd4 Nxf4 30. Rf1 e5 31. Ne2 Qc5+ 32. Rf2 Kg8 33. Nxf4 exf4 34.
Qxf4 Be6 35. Re1 Qb6 36. c3 a5 37. Qf6 Qd6 38. Re5 Qd7 39. g6 h6 40. g7 Qxg7+
41. Rg2 1-0

[Event "?"]
[Site "?"]
[Date "2005.04.17"]
[Round "9"]
[White "Opitz, Christian"]
[Black "Höschele, Hans-Ulrich"]
[Result "1/2-1/2"]
[WhiteElo "1834"]
[BlackElo "2195"]
[PlyCount "129"]
[EventDate "2005.??.??"]

1. e4 d5 2. exd5 Qxd5 3. Nc3 Qd8 4. d4 c6 5. Nf3 Nf6 6. Be2 e6 7. O-O Be7 8.
Bg5 Nbd7 9. Re1 O-O 10. Bc4 b5 11. Bd3 Bb7 12. Qd2 Re8 13. Rad1 a6 14. Ne5 Nf8
15. Ne2 Nd5 16. Bxe7 Qxe7 17. c3 c5 18. dxc5 Qxc5 19. Nf4 Nxf4 20. Qxf4 Qc7 21.
Be4 Bxe4 22. Qxe4 Rac8 23. Rd4 f6 24. Nf3 e5 25. Rd2 Qc6 26. Qxc6 Rxc6 27. Red1
Kf7 28. Rd6 Rec8 29. Rxc6 Rxc6 30. Nd2 Rd6 31. Kf1 Ne6 32. g3 Nc5 33. Ke2 Na4
34. Rb1 Ke6 35. Ne4 Rc6 36. Kd3 f5 37. Nd2 e4+ 38. Ke3 Nb6 39. Nb3 Ke5 40. f4+
Kf6 41. Nd4 Nd5+ 42. Kd2 Rc4 43. Rc1 b4 44. Ne2 bxc3+ 45. Nxc3 Nxc3 46. Rxc3
Rxc3 47. Kxc3 h5 48. h4 Ke6 49. Kc4 a5 50. b3 Kd6 51. Kd4 Kc6 52. a3 Kb5 53.
Kc3 Kc5 54. Kc2 Kd4 55. Kd2 e3+ 56. Ke2 Kc3 57. b4 axb4 58. axb4 Kxb4 59. Kxe3
Kc3 60. Ke2 Kd4 61. Kd2 Ke4 62. Ke2 g6 63. Kf2 Kd3 64. Kf3 Kd2 65. Kf2 1/2-1/2

[Event "?"]
[Site "?"]
[Date "2005.04.17"]
[Round "9"]
[White "Weinwurm, Wolfgang Dr"]
[Black "Gerhards, Walter"]
[Result "1-0"]
[WhiteElo "2122"]
[BlackElo "1999"]
[PlyCount "37"]
[EventDate "2005.??.??"]

1. e4 e6 2. d4 d5 3. Nc3 Nf6 4. e5 Nfd7 5. f4 c5 6. Nf3 Nc6 7. Be3 Be7 8. Qd2
a6 9. Qf2 Qa5 10. Be2 b5 11. O-O cxd4 12. Nxd4 Nxd4 13. Bxd4 O-O 14. a3 Bb7 15.
f5 b4 16. axb4 Qd8 17. f6 gxf6 18. exf6 Bd6 19. Qh4 1-0

[Event "?"]
[Site "?"]
[Date "2005.04.17"]
[Round "9"]
[White "Otto, Matthias"]
[Black "Hoener, Michael"]
[Result "1/2-1/2"]
[WhiteElo "1746"]
[BlackElo "1435"]
[PlyCount "30"]
[EventDate "2005.??.??"]

1. e4 c6 2. Nf3 d5 3. exd5 cxd5 4. d4 e6 5. Nc3 Nf6 6. g3 a6 7. Bg2 Bd6 8. O-O
O-O 9. Be3 Nc6 10. Qd2 b5 11. a3 Bb7 12. h4 Qc7 13. Kh2 Na5 14. Qe2 Nh5 15. Nd2
Bxg3+ 1/2-1/2